My family's changing : (Record no. 9984)

MARC details
000 -LEADER
fixed length control field 01060nam a22003017a 4500
001 - CONTROL NUMBER
control field 9984
003 - CONTROL NUMBER IDENTIFIER
control field FISKH
005 - DATE AND TIME OF LATEST TRANSACTION
control field 20260323162238.0
008 - FIXED-LENGTH DATA ELEMENTS--GENERAL INFORMATION
fixed length control field 260323b cb ||||| |||| 00| 0 eng d
020 ## - INTERNATIONAL STANDARD BOOK NUMBER
International Standard Book Number 0764109952
040 ## - CATALOGING SOURCE
Original cataloging agency FISKH
Language of cataloging eng
Transcribing agency FISKH
Modifying agency FISKH
050 ## - LIBRARY OF CONGRESS CALL NUMBER
Classification number HQ814 .T43
082 ## - DEWEY DECIMAL CLASSIFICATION NUMBER
Classification number 306.89
100 ## - MAIN ENTRY--PERSONAL NAME
Personal name Thomas, Pat
Relator term Author
245 ## - TITLE STATEMENT
Title My family's changing :
Remainder of title A first look at family break up /
Statement of responsibility, etc. Pat Thomas ; illustrated by Lesley Harker
260 ## - PUBLICATION, DISTRIBUTION, ETC.
Place of publication, distribution, etc. New York :
Name of publisher, distributor, etc. Barron's Educational Series, Inc. ,
Date of publication, distribution, etc. 1998
300 ## - PHYSICAL DESCRIPTION
Extent 29 pages :
Other physical details color illustrations ;
Dimensions 21 x 24 cm
490 ## - SERIES STATEMENT
Series statement A first look at..
505 ## - FORMATTED CONTENTS NOTE
Formatted contents note N<br/>
520 ## - SUMMARY, ETC.
Summary, etc. This book helps young children to deal with the challenges of making friends and maintaining friendships. It deals with issues such as jealousy and peer pressure.
521 8# - TARGET AUDIENCE NOTE
Target audience note 550<br/>
Source Lexile estimate<br/>
521 8# - TARGET AUDIENCE NOTE
Target audience note N<br/>
Source Raz-Plus<br/>
650 ## - SUBJECT ADDED ENTRY--TOPICAL TERM
Topical term or geographic name entry element Family
Form subdivision Families changing
650 ## - SUBJECT ADDED ENTRY--TOPICAL TERM
Topical term or geographic name entry element Emotions
Form subdivision Social skills
700 ## - ADDED ENTRY--PERSONAL NAME
Personal name Harker, Lesley
Relator term Illustrator
942 ## - ADDED ENTRY ELEMENTS (KOHA)
Source of classification or shelving scheme Dewey Decimal Classification
Koha item type Books
Suppress in OPAC No
Holdings
Withdrawn status Lost status Source of classification or shelving scheme Damaged status Not for loan Collection Home library Current library Shelving location Date acquired Total Checkouts Full call number Barcode Date last seen Copy number Price effective from Koha item type
    Dewey Decimal Classification     Non-Fiction Footprints International School Library Network Toul Tom Poung Campus Footprints International School Library Network Toul Tom Poung Campus TTP Primary Yellow Bookshelves 03/23/2026   THO 177.62 BF723 .F68 .T48 FISBK05879 03/23/2026 1 03/23/2026 Books